000 01096nam a22003377a 4500
003 CHAP
005 20220329143526.0
008 100407s1977 mx a r 00010 spa d
010 _a98003
011 _a98975
020 _a8432035769
035 _a109660
040 _cCHAP
082 1 4 _a306.766
_bR79
100 1 _aRowse, A. L.
_9100363
245 1 0 _aHomosexuales en la historia :
_bestudio de la ambivalencia en la sociedad, la literatura y las artes
_c/por A. L. Rowse
260 _aBarcelona :
_bPlaneta
_c1977
300 _a421 p. :
_bills.
490 0 _aDocumento
_v35
590 _aBATCH-UPD
_b10
_c20130110
_lUCH01
_h1403
590 _aCONVERSION
_b10
_c20130109
_lUCH01
_h1354
650 1 4 _aIntelectuales.
_959504
650 1 4 _aPoetas.
_990153
650 1 4 _aSexo
_xHistoria.
_9105417
650 1 4 _aSexualidad humana.
_9105427
830 0 _aDocumento
_v35
_933191
901 _aBK
942 _cLIBRO
949 _a306.766 R79
_bBC
_cLIBRO
_d33724002164793
_eLIBRO
_gI.c/e
_h112239
_i109660
_sb
949 _a306.766 R79
_bBC
_cLIBRO
_d33724002237025
_eLIBRO
_fc.2
_gDonaciØn
_h114248
_i109660
_sb
999 _c98003
_d98003